Estadísticas para Equipos de la MLS #2

Haz click aquí para intentar la prueba.

Estadísticas generales

  • Esta prueba ha sido intentada 25 veces
  • La puntuación promedio es 5 de 14

Estadísticas de respuestas

Equipo% Correcto
12LA Galaxy
91%
10Portland Timbers
59%
3Seattle Sounders
59%
2LAFC
45%
9Real Salt Lake
45%
4FC Dallas
41%
8Houston Dynamo
41%
6Austin FC
36%
13Sporting Kansas City
32%
7San Jose Earthquakes
23%
11Vancouver Whitecaps FC
23%
5Minnesota United FC
18%
14Colorado Rapids
14%
1Saint Louis City SC
0%

Distribución de puntuación

Porcentaje por número respondido

Porcentaje de gente con cada puntuación

Historial de tus puntuaciones

No has intentado esta prueba.